MEDIA WORLD THE LAW (Record no. 10250)

MARC details
000 -LEADER
fixed length control field 00278nam a22001337a 4500
003 - CONTROL NUMBER IDENTIFIER
control field SGT
082 ## - DEWEY DECIMAL CLASSIFICATION NUMBER
Classification number 346,BHA
100 ## - MAIN ENTRY--PERSONAL NAME
Personal name BHASIN,LALIT
245 ## - TITLE STATEMENT
Title MEDIA WORLD THE LAW
260 ## - PUBLICATION, DISTRIBUTION, ETC. (IMPRINT)
Place of publication, distribution, etc NEW DELHI
Name of publisher, distributor, etc UNIVERSAL
Year of Publication 2010
300 ## - PAGE DESCRIPTION
No. of Pages 142
650 ## - SUBJECT ADDED ENTRY--TOPICAL TERM
Topical term or geographic name as entry element PRIVATE LAW
942 ## - ADDED ENTRY ELEMENTS (KOHA)
Source of classification or shelving scheme Dewey Decimal Classification
Koha item type Books
942 ## - ADDED ENTRY ELEMENTS (KOHA)
-- 1
Holdings
Withdrawn status Lost status Source of classification or shelving scheme Damaged status Not for loan Collection code Home library Current library Shelving location Date acquired Vendor Name Cost, normal purchase price SGTU Bill Number Total Checkouts Full call number Accession No. (Barcode) Date last seen Date last borrowed Bill Date Koha item type
    Dewey Decimal Classification   Not For Loan LAW SGT Science & Social Sciences Library SGT Science & Social Sciences Library Reference Book 14/12/2016 TECHNICAL BUREAU INDIA PVT LTD 295.00 SGTU 2002 1 346,BHA FL1174 14/12/2016 14/12/2016 26/09/2012 Books
    Dewey Decimal Classification     LAW SGT Science & Social Sciences Library SGT Science & Social Sciences Library Text Book 14/12/2016 TECHNICAL BUREAU INDIA PVT LTD 295.00 SGTU 2002 1 346,BHA FL1175 17/11/2022 16/11/2022 26/09/2012 Books